|
|
|
|
| LEADER |
00000cam a2200000 a 4500 |
| 001 |
1/113643 |
| 008 |
170405s1989####gr | ||| |||| ||gre|| |
| 020 |
|
|
|a 9607027040
|
| 040 |
|
|
|a GR-MyUa
|b gre
|c GR-MyUa
|e AACR2
|
| 041 |
1 |
|
|a gre
|h ger
|
| 082 |
7 |
|
|a 833
|2 (23)
|
| 100 |
1 |
|
|a Handke, Peter.
|
| 245 |
1 |
2 |
|a Ο Κινέζος του πόνου /
|c Πέτερ Χάντκε ; μετάφραση Ιάκωβος Κοπερτί.
|
| 260 |
|
|
|a Αθήνα :
|b Άγρωστις,
|c c1989.
|
| 300 |
|
|
|a 167 σ. ;
|c 21 εκ.
|
| 500 |
|
|
|a Τίτλος πρωτοτύπου: Der Chinese des Schmerzes.
|
| 650 |
|
0 |
|a Austrian fiction.
|
| 852 |
|
|
|a INST
|b SYROS
|e 20170405
|h 833 HAN
|p 005500012975
|q 005500012975
|t BK
|y 0
|
| 970 |
|
|
|a Κοντού
|b Παρασκευή
|z 05/04/2017
|